Normal view
MARC view
Entry Personal Name
001 - CONTROL NUMBER
- control field: 37352
003 - CONTROL NUMBER IDENTIFIER
- control field: OSt
005 - DATE AND TIME OF LATEST TRANSACTION
- control field: 20230406105843.0
008 - FIXED-LENGTH DATA ELEMENTS
- fixed length control field: 230406|| aca||aabn | a|a d
040 ## - CATALOGING SOURCE
- Original cataloging agency: OSt
- Transcribing agency: OSt
100 ## - HEADING--PERSONAL NAME
- Personal name: Talebi, A., Davar, R. and Bragues, G.
670 ## - SOURCE DATA FOUND
- Source citation: Work cat.: (OSt)521636: Talebi, A., Davar, R. and Bragues, G. , Value creation in public procurement of innovation: A case of engaging start-ups by a local government
